| 000 | 00381nam a2200145 i 4500 | ||
|---|---|---|---|
| 001 | bg | ||
| 100 | 1 | _aDUCHIN, S. S. | |
| 245 | 0 |
_aElektroprovodnost i elektrokineticeskie svojstva dispersnych sistem / _cS.S. Duchin. |
|
| 260 |
_aKiev, _c1975. |
||
| 040 | _cBPK | ||
| 041 | _apol | ||
| 080 | _a541.182+537.311+621.359 | ||
| 942 | _cKS | ||
| 008 | s pl f |000 0 pol | ||
| 999 |
_c16402 _d16402 |
||
| 856 |
_uhttp://koha.tu.koszalin.pl/cgi-bin/koha/opac-detail.pl?biblionumber=16402 _yKatalog online BPK |
||